Première sonate pour violon et piano /

Hlavní autor: Honegger, Arthur, 1892-1955
Jazyk: Nelze použít, není lingvistický obsah
Vydáno: Paris : Maurice Senart, c1921
Fyzický popis: 1 partitura (28 s.) + 1 hlas (8 s.)
Hudebniny Hudebniny
Uloženo v:
LEADER 00822ncm a22002172a 4500
001 001264012
003 CZ BrMZK
005 20150526111319.0
007 qu
008 121108s1921 fr |||||||||||||||||zxx d
040 |a BOA001  |b cze 
072 7 |a 787  |x Hudba pro strunné a smyčcové nástroje  |2 Konspekt  |9 9 
100 1 |a Honegger, Arthur,  |d 1892-1955  |7 jn19990003640  |4 cmp 
245 1 0 |a Première sonate  |h [hudebnina] :  |b pour violon et piano /  |c A. Honegger 
260 |a Paris :  |b Maurice Senart,  |c c1921 
300 |a 1 partitura (28 s.) + 1 hlas (8 s.) 
910 |a BOA001  |b Mus4-0233.749 
990 |a MU 
991 |b 201211 
996 7 |b 2619493175  |c Mus4-0233.749  |l MZK  |r Sklad / do 1 hodiny  |n 0  |w 001298030  |u 000010  |a 1  |e BOA001  |j MZK50  |s A 
996 7 |b 2619493176  |c Mus4-0233.749  |l MZK  |r Sklad / do 1 hodiny  |n 0  |w 001298030  |u 000020  |a 1  |e BOA001  |j MZK50  |s A